<?xml version="1.0" encoding="UTF-8"?>
<collection xmlns="http://www.loc.gov/MARC21/slim">
    <record>
        <controlfield tag="001">62039</controlfield>
        <controlfield tag="005">20171211140547.0</controlfield>
        <datafield tag="024" ind1="7" ind2=" ">
            <subfield code="2">doi</subfield>
            <subfield code="a">10.5424/sjar/2014123-5489</subfield>
        </datafield>
        <datafield tag="024" ind1="8" ind2=" ">
            <subfield code="2">sideral</subfield>
            <subfield code="a">87823</subfield>
        </datafield>
        <datafield tag="037" ind1=" " ind2=" ">
            <subfield code="a">ART-2014-87823</subfield>
        </datafield>
        <datafield tag="041" ind1=" " ind2=" ">
            <subfield code="a">eng</subfield>
        </datafield>
        <datafield tag="100" ind1=" " ind2=" ">
            <subfield code="a">Salazar, E.</subfield>
        </datafield>
        <datafield tag="245" ind1=" " ind2=" ">
            <subfield code="a">Lack of relationship between Visna/maedi infection and scrapie resistance genetic markers</subfield>
        </datafield>
        <datafield tag="260" ind1=" " ind2=" ">
            <subfield code="c">2014</subfield>
        </datafield>
        <datafield tag="506" ind1="0" ind2=" ">
            <subfield code="a">Access copy available to the general public</subfield>
            <subfield code="f">Unrestricted</subfield>
        </datafield>
        <datafield tag="520" ind1="3" ind2=" ">
            <subfield code="a">The relationship between Visna/maedi virus (VMV) antibody status and scrapie genetic resistance of 10,611 Rasa Aragonesa sheep from 17 flocks in Aragón (Spain) was investigated. The fifteen most common PRNP gene haplotypes and genotypes were identified and the genotypes were classified into the corresponding scrapie risk groups (groups 1 to 5). ARQ (93.3%) and ARR (31.8%) were the most common haplotypes and ARQ/ARQ (56%) and ARR/ARQ (25.6%) were the most common genotypes. The frequencies of scrapie risk groups 1, 2, 3, 4 and 5 were 3.3%, 27.3%, 63.5%, 1.2% and 4.8%, respectively. Overall Visna/maedi seroprevalence was 53% and flock seroprevalence ranged between 21-86%. A random effects logistic regression model indicated that sheep VMV serological status (outcome variable) was not associated with any particular scrapie risk group. Instead, VMV seropositivity progressively increased with age, was signif icantly greater in females compared to males and varied between flocks. The absence of a relationship between VMV infection and scrapie genotypes is important for VMV control and specifically for sheep participating in an ELISA-based Visna/maedi control program.</subfield>
        </datafield>
        <datafield tag="536" ind1=" " ind2=" ">
            <subfield code="9">info:eu-repo/grantAgreement/ES/MICINN/AGL2007-66874-C04-02 GAN</subfield>
            <subfield code="9">info:eu-repo/grantAgreement/ES/MINECO/AGL2010-22341-C04-02 GAN</subfield>
        </datafield>
        <datafield tag="540" ind1=" " ind2=" ">
            <subfield code="9">info:eu-repo/semantics/openAccess</subfield>
            <subfield code="a">by</subfield>
            <subfield code="u">http://creativecommons.org/licenses/by/3.0/es/</subfield>
        </datafield>
        <datafield tag="590" ind1=" " ind2=" ">
            <subfield code="a">0.703</subfield>
            <subfield code="b">2014</subfield>
        </datafield>
        <datafield tag="591" ind1=" " ind2=" ">
            <subfield code="a">AGRICULTURE, MULTIDISCIPLINARY</subfield>
            <subfield code="b">25 / 56 = 0.446</subfield>
            <subfield code="c">2014</subfield>
            <subfield code="d">Q2</subfield>
            <subfield code="e">T2</subfield>
        </datafield>
        <datafield tag="655" ind1=" " ind2="4">
            <subfield code="a">info:eu-repo/semantics/article</subfield>
            <subfield code="v">info:eu-repo/semantics/publishedVersion</subfield>
        </datafield>
        <datafield tag="700" ind1=" " ind2=" ">
            <subfield code="a">Berriatua, E.</subfield>
        </datafield>
        <datafield tag="700" ind1=" " ind2=" ">
            <subfield code="a">Pérez, M.</subfield>
        </datafield>
        <datafield tag="700" ind1=" " ind2=" ">
            <subfield code="a">Marín, B.</subfield>
        </datafield>
        <datafield tag="700" ind1=" " ind2=" ">
            <subfield code="0">(orcid)0000-0001-5105-6133</subfield>
            <subfield code="a">Acín, C.</subfield>
            <subfield code="u">Universidad de Zaragoza</subfield>
        </datafield>
        <datafield tag="700" ind1=" " ind2=" ">
            <subfield code="0">(orcid)0000-0001-6016-4726</subfield>
            <subfield code="a">Martín-Burriel, I.</subfield>
            <subfield code="u">Universidad de Zaragoza</subfield>
        </datafield>
        <datafield tag="700" ind1=" " ind2=" ">
            <subfield code="a">Reina, R.</subfield>
        </datafield>
        <datafield tag="700" ind1=" " ind2=" ">
            <subfield code="a">de Andrés, D.</subfield>
        </datafield>
        <datafield tag="700" ind1=" " ind2=" ">
            <subfield code="a">Amorena, B.</subfield>
        </datafield>
        <datafield tag="700" ind1=" " ind2=" ">
            <subfield code="0">(orcid)0000-0002-7173-7216</subfield>
            <subfield code="a">Badiola, J. J.</subfield>
            <subfield code="u">Universidad de Zaragoza</subfield>
        </datafield>
        <datafield tag="700" ind1=" " ind2=" ">
            <subfield code="0">(orcid)0000-0002-2053-9842</subfield>
            <subfield code="a">Luján, L.</subfield>
            <subfield code="u">Universidad de Zaragoza</subfield>
        </datafield>
        <datafield tag="710" ind1="2" ind2=" ">
            <subfield code="1">1009</subfield>
            <subfield code="2">773</subfield>
            <subfield code="a">Universidad de Zaragoza</subfield>
            <subfield code="b">Departamento de Patología Animal</subfield>
            <subfield code="c">Sanidad Animal</subfield>
        </datafield>
        <datafield tag="710" ind1="2" ind2=" ">
            <subfield code="1">1001</subfield>
            <subfield code="2">420</subfield>
            <subfield code="a">Universidad de Zaragoza</subfield>
            <subfield code="b">Departamento de Anatomía, Embriología y Genética Animal</subfield>
            <subfield code="c">Genética</subfield>
        </datafield>
        <datafield tag="773" ind1=" " ind2=" ">
            <subfield code="g">12, 3 (2014), 676-682</subfield>
            <subfield code="p">Span. j. agric. res.</subfield>
            <subfield code="t">SPANISH JOURNAL OF AGRICULTURAL RESEARCH</subfield>
            <subfield code="x">1695-971X</subfield>
        </datafield>
        <datafield tag="856" ind1="4" ind2=" ">
            <subfield code="s">267910</subfield>
            <subfield code="u">http://zaguan.unizar.es/record/62039/files/texto_completo.pdf</subfield>
            <subfield code="y">Versión publicada</subfield>
        </datafield>
        <datafield tag="856" ind1="4" ind2=" ">
            <subfield code="s">106569</subfield>
            <subfield code="u">http://zaguan.unizar.es/record/62039/files/texto_completo.jpg?subformat=icon</subfield>
            <subfield code="x">icon</subfield>
            <subfield code="y">Versión publicada</subfield>
        </datafield>
        <datafield tag="909" ind1="C" ind2="O">
            <subfield code="o">oai:zaguan.unizar.es:62039</subfield>
            <subfield code="p">articulos</subfield>
            <subfield code="p">driver</subfield>
        </datafield>
        <datafield tag="951" ind1=" " ind2=" ">
            <subfield code="a">2017-12-11-14:02:27</subfield>
        </datafield>
        <datafield tag="980" ind1=" " ind2=" ">
            <subfield code="a">ARTICLE</subfield>
        </datafield>
    </record>

    
</collection>